Подробности
| 000 -МАРКЕР |
| контрольное поле |
01424nam2a2200289 4500 |
| 001 - ИДЕНТИФИКАТОР ЗАПИСИ |
| контрольное поле |
RU\NLR\bibl\1792335 |
| 005 - ИДЕНТИФИКАТОР ВЕРСИИ |
| контрольное поле |
20260406125818.0 |
| 010 ## - МЕЖДУНАРОДНЫЙ СТАНДАРТНЫЙ НОМЕР КНИГИ (ISBN) |
| Номер (ISBN) |
978-5-4224-0270-0 |
| Уточнения |
т. 9 |
| 021 ## - НОМЕР ГОСУДАРСТВЕННОЙ РЕГИСТРАЦИИ |
| Код страны |
Российская Федерация |
| Номер |
2011-49227 |
| Номер Листа государственной регистраци |
3504 |
| 035 ## - ДРУГИЕ СИСТЕМНЫЕ НОМЕРА |
| Идентификатор записи |
(NLR Aleph) 001783034 |
| 100 ## - ДАННЫЕ ОБЩЕЙ ОБРАБОТКИ |
| Данные общей обработки |
20110727d2010 |||y0rusy50 ca |
| 101 1# - ЯЗЫК РЕСУРСА |
| Язык текста, звукозаписи и т.д. |
русский |
| Язык оригинала |
грузинский |
| 102 ## - СТРАНА ПУБЛИКАЦИИ ИЛИ ПРОИЗВОДСТВА |
| Страна публикации |
Российская Федерация |
| 105 ## - ПОЛЕ КОДИРОВАННЫХ ДАННЫХ: ТЕКСТОВЫЕ МАТЕРИАЛЫ, МОНОГРАФИЧЕСКИЕ |
| Кодированные данные о монографическом текстовом документе |
y ||||||||| |
| 200 1# - ЗАГЛАВИЕ И СВЕДЕНИЯ ОБ ОТВЕТСТВЕННОСТИ |
| Основное заглавие |
Витязь в тигровой шкуре |
| Первые сведения об ответственности |
Шота Руставели |
| Последующие сведения об ответственности |
[пер. с груз. К. Бальмонта |
| -- |
вступ. ст. А. Бариновой |
| -- |
прил., коммент. А. Бариновой, К. Бальмонта] |
| 210 ## - ПУБЛИКАЦИЯ, РАСПРОСТРАНЕНИЕ И ДР. |
| Дата издания, распространения и т.д. |
2010 |
| Место издания, распространения и т.д. |
Б. м. |
| 215 ## - ФИЗИЧЕСКАЯ ХАРАКТЕРИСТИКА |
| Специфическое обозначение материала и объем |
382, [1] с. |
| 461 #0 - УРОВЕНЬ НАБОРА |
| Встроенное поле |
001RU\NLR\bibl\1843281 |
| -- |
2001#$aБиблиотека героического эпоса$v[Т.] 9 |
| Системный номер (АБИС) связанной записи |
2175149 |
| Место публикации |
Москва |
| Дата публикации |
2010 |
| Первые сведения об ответственности |
[сост.: Е. Кузнец и др. |
| Имя издателя, распространителя и т.д. |
Книжный Клуб Книговек |
| Сведения, относящиеся к заглавию |
в 10 т. |
| Заглавие |
Библиотека героического эпоса |
| ISBN |
9785422402618 |
| Номер тома |
[Т.] 9 |
| 686 ## - ИНДЕКСЫ ДРУГИХ КЛАССИФИКАЦИЙ |
| Индекс |
Ш6(2=Гр)4-5{Лх-груз.257.1} |
| 701 #1 - ИМЯ ЛИЦА - АЛЬТЕРНАТИВНАЯ ОТВЕТСТВЕННОСТЬ |
| Код отношения |
Автор |
| Материалы, к которым относится поле |
rus |
| Графика поля |
Кириллица |
| Начальный элемент ввода |
Руставели |
| Часть имени, кроме начального элемента ввода |
Ш. |
| Даты |
12 в. |
| Расширение инициалов личного имени |
Шота |
| Идентификатор авторитетной/нормативной записи |
RU\NLR\auth\7723214 |
| Системный номер авторитетной/нормативной записи |
6268 |
| 702 #1 - ИМЯ ЛИЦА - ВТОРИЧНАЯ ОТВЕТСТВЕННОСТЬ |
| Код отношения |
Переводчик |
| Материалы, к которым относится поле |
rus |
| Графика поля |
Кириллица |
| Начальный элемент ввода |
Бальмонт |
| Часть имени, кроме начального элемента ввода |
К. Д. |
| Даты |
1867-1942 |
| Расширение инициалов личного имени |
Константин Дмитриевич |
| Идентификатор авторитетной/нормативной записи |
RU\NLR\auth\771462 |
| Системный номер авторитетной/нормативной записи |
111487 |
| 801 #0 - ИСТОЧНИК ЗАПИСИ |
| Страна |
Российская Федерация |
| Организация |
NLR |
| Дата составления |
20110727 |
| Правила каталогизации |
RCR |
| 801 #1 - ИСТОЧНИК ЗАПИСИ |
| Страна |
Российская Федерация |
| Организация |
NLR |
| Дата составления |
20110727 |
| 942 ## - ДОПОЛНИТЕЛЬНЫЕ ЭЛЕМЕНТЫ ЗАПИСИ (АБИС) |
| Тип экземпляра АБИС |
Книга |
| 980 ## - КОЛЛЕКЦИЯ |
| Название коллекции |
Национальная библиография |